|
|
|
|
| LEADER |
01578nam a2200385 i 4500 |
| 001 |
37953 |
| 003 |
BD-DhAAL |
| 005 |
20220314133416.0 |
| 008 |
220314t2012 bg a 000 0 ben d |
| 999 |
|
|
|c 43772
|d 43772
|
| 010 |
|
|
|a 2013318338
|
| 020 |
|
|
|a 9789848942826 (v. 2)
|
| 025 |
|
|
|a B-B-2013-318338; 22-90
|
| 037 |
|
|
|b Library of Congress -- New Delhi Overseas Office
|
| 040 |
|
|
|a DLC
|b eng
|c DLC
|e rda
|d DLC
|d BD-DhAAL
|
| 041 |
|
|
|a ben
|
| 042 |
|
|
|a lcode
|a pcc
|
| 043 |
|
|
|a a-bg---
|
| 050 |
0 |
0 |
|a CT1519.6
|b .Y33 2012
|
| 082 |
|
|
|a 920.05492
|
| 245 |
|
|
|a যাদের সাফল্যে আলোকিত বাংলাদেশ /
|c শুভ কিবরিয়া সম্পাদিত
|
| 246 |
3 |
1 |
|a Jader safolle alokito Bangladesh
|
| 246 |
3 |
1 |
|a The men who glorified Bangladesh
|
| 260 |
|
|
|a ঢাকা :
|b সময় প্রকাশন,
|c ২০১২.
|
| 300 |
|
|
|a ২৯৭ পৃষ্ঠা ;
|c ২২ সে.মি.
|
| 362 |
|
|
|a Vol. 2
|
| 520 |
|
|
|a Collection of interviews given by some well-known personalities from Bangladesh.
|
| 541 |
|
|
|a Donated By Akbar Ali Khan
|e 37953
|
| 546 |
|
|
|a In Bengali.
|
| 650 |
|
0 |
|a Celebrities
|z Bangladesh.
|9 46950
|
| 650 |
|
0 |
|a Celebrities
|z Bangladesh
|v Interviews.
|9 46951
|
| 700 |
|
|
|a কিবরিয়া, শুভ
|9 46952
|
| 852 |
|
|
|a Ayesha Abed Library
|c Akbar Ali Khan Collection
|
| 942 |
|
|
|2 ddc
|c BK
|
| 952 |
|
|
|0 0
|1 0
|2 ddc
|4 0
|6 920_054920000000000_JAD
|7 1
|9 70133
|a BRACUL
|b BRACUL
|c AAKC
|d 2022-03-14
|e Donated by Akbar Ali Khan
|l 0
|o 920.05492 JAD
|p 3010037953
|r 2022-03-14
|t 1
|w 2022-03-14
|y BK
|